| 000 | 00621nam a22002055a 4500 | ||
|---|---|---|---|
| 008 | 161115t2015 xxua|||fr|||| 001 0 eng d | ||
| 020 | _a9781138812697 | ||
| 040 |
_aEG-ScBUE _beng _cEG-ScBUE |
||
| 082 |
_222 _a338.927 _bWAS |
||
| 100 | 1 | _aWashington, Haydn | |
| 245 |
_aemystifying sustainability : _bTowards real solutions / _cHaydn Washington |
||
| 260 |
_aLondon : _bRoutledge, _c2015. |
||
| 300 |
_axviii, 222 p. : _bill. ; _c24 cm. |
||
| 500 | _aIndex : p. 215-222. | ||
| 590 | _aSuzan Aghmawy | ||
| 651 | _2BUEsh | ||
| 653 |
_bBUSBOL _cNovember2016 |
||
| 650 | 7 |
_922976 _aSustainable living _2BUEsh |
|
| 942 | _2ddc | ||
| 999 |
_c23145 _d23117 |
||